| 000 | 00528nam a2200181Ia 4500 | ||
|---|---|---|---|
| 005 | 20250326123938.0 | ||
| 008 | 250326s9999 xx 000 0 und d | ||
| 037 | _aTextbook | ||
| 040 |
_aFMSL _beng _cFMSL |
||
| 041 |
_aeng _2eng |
||
| 084 |
_aT(X:8) L0 _qFMSL |
||
| 100 |
_aOdiorne G S _9736461 |
||
| 245 | 0 |
_aTraining by objectives: economic approach to management training _cOdiorne G S |
|
| 260 |
_aLondon _bLondon, Macmillan _c1970 |
||
| 300 | _a354p | ||
| 942 |
_cTB _hT(X:8) L0 |
||
| 999 |
_c1271604 _d1271604 |
||